Les pays où le baseball est le sport le plus populaire - Statistiques

Statistiques générales
  • Ce quiz a été pris 315 fois
  • Le résultat moyen est 5 sur 8
Statistiques - réponses
Continent Pays % Correct
Asie Japon
95%
Asie Corée du Sud
70%
Amérique du nord Cuba
70%
Amérique du sud Venezuela
52%
Amérique du nord République dominicaine
47%
Asie Taïwan
45%
Amérique du nord Panama
40%
Amérique du nord Nicaragua
35%
Aucun quiz correspondant
Distribution des résultats
% des personnes avec chaque résultat
Percentile par nombre de réponses
Votre historique - résultats
Vous n’avez pas pris ce quiz